| 000 | 00880cam a2200205 4500 | ||
|---|---|---|---|
| 999 |
_c126570 _d126570 |
||
| 005 | 20200213135217.0 | ||
| 008 | 200212b ag ||||| |||| 00| 0 spa d | ||
| 020 | _a9505086075 obra completa | ||
| 050 | 0 | 4 |
_aK1005 _bM37 2003 |
| 100 | 1 |
_aMarzorati, Osvaldo J. _eautor |
|
| 245 | 1 | 0 |
_aDerecho de los negocios internacionales _c/ Osvaldo J. Marzorati. |
| 250 | _a3a ed. | ||
| 260 |
_aBuenos Aires : _bAstrea, _c2003 |
||
| 300 |
_a2v. ; _c23 cm. |
||
| 505 | 0 |
_tV.1 Principios de unidroit sobre contratos comerciales compraventa y financiación internacional. Mercosur y OMC Importación y exportación. Incoterms. Crédito documentado transporte de mercaderías. Securitización. Uso de derivatives Fideicomiso. Leasing. Forfaiting. Factoring _tV.2 Sistemas de imposición. Agencia. Distribución. Franquicia. Concesión comercial. Contratos informáticos. Marcas y patentes. Licencia industrial. Inversiones extranjeras. Joint venture. Tratados de protección. Métodos de solución de disputas. Ejecución de laudos contra particulares y Estados |
|
| 506 | _aPIFI 3.1 | ||
| 650 | 7 |
_2lemb _aDerecho comercial |
|
| 942 |
_2lcc _cLIB |
||